00901cam a2200241 a 450000100060000000300080000600500170001400800390003103500190007004000370008904100080012608200230013410000250015724501240018226000560030630000260036250400300038850400200041865000490043894200120048799900170049995201430051626672BD-RjUL20211209051042.0140323s1954 cau b 001 0 eng a(BD-RjUL)26742 aDLCcWSUdBD-RjULdUKMdEQObeng aeng00a338.2728bFOA 19541 aFord, Alan W.98196314aThe Anglo-Iranian oil dispute of 1951-1952 :ba study of the role of law in the relations of states /cby Alan W. Ford. aBerkeley :bUniversity of California Press,cc1954. axii, 348 p. ;c23 cm. aBibliography: p. 329-340. aIncludes index. 0aAnglo-Iranian Oil Dispute, 1951-1954.981964 2ddccBK c26672d26672 00102ddc40728NFICaRUCLbRUCLcReadingd1955-06-04ePub. Unitedg16.00l0o338.2728 FOA 1954r2014-03-23 00:00:00tC-1w2014-03-23yBK